00896nab a2200229uuc450000100070000000500170000700800410002403500110006503500210007604000130009704100080011010000560011824501080017465000440028265000370032665000320036370000530039570000430044877301460049194200100063799900190064796894920251122100216.0060329e20050501 spa  a968949 a(OCoLC)820346678 ccomduadb aspa10aTorres Carrasco, Maria de Lourdes4auteaut941545010aAptitud clinica en la atencion de enfermeria prenatal y perinatal del binomio madre-hijo de bajo riesgo 7aEducación en enfermería2dcs913804 7aAtención prenatal2dcs9114290 aAtención perinatal94159610aViniegra Velázquez, Leonardo4auteaut930533610aMatus Miranda, Reyna4auteaut95465730 tRevista de Enfermería del Instituto Mexicano del Seguro Social (México)gVol. 13, No. 02, May.-Ago. 2005, 63-69w583108z0188431X0148066 cARIMP c382001d382001